| 000 | 01434nam a22003617a 4500 | ||
|---|---|---|---|
| 003 | CHAP | ||
| 005 | 20220329134535.0 | ||
| 008 | 971013s1919 r 00010 d | ||
| 010 | _a21860 | ||
| 011 | _a22832 | ||
| 035 | _a26927 | ||
| 040 | _cCHAP | ||
| 082 |
_a333.0972 _bM42 |
||
| 110 |
_aMéxico. Secretaría de la Reforma Agraria _977197 |
||
| 245 | _aInforme de labores 19 - 19 | ||
| 260 |
_aMéxico, D.F. : _bLa Secretaría, _c19 -19 |
||
| 300 | _av. | ||
| 500 | _aLa biblioteca tiene : 1977-78, 1979-80, 1980-81, 1993-94 | ||
| 590 |
_aBATCH-UPD _b10 _c20130110 _lUCH01 _h0952 |
||
| 590 |
_aBATCH-UPD _b10 _c20130410 _lUCH01 _h0606 |
||
| 590 |
_aBATCH-UPD _b10 _c20130914 _lUCH01 _h1957 |
||
| 590 |
_aCONVERSION _b10 _c20130109 _lUCH01 _h1313 |
||
| 650 | 1 | 4 |
_aReforma agraria _zMéxico. _995596 |
| 650 | 1 | 4 |
_aTierras _xTenencia _zMéxico. _9113215 |
| 901 | _aBK | ||
| 942 | _cLIBRO | ||
| 949 |
_a333.0972 M42 _bBC _cLIBRO _d33724000324026 _eLIBRO _f1980-81 _h58125 _i26927 _si |
||
| 949 |
_a333.0972 M42 _bBC _cLIBRO _d33724000324034 _eLIBRO _f1979-80 _h53024 _i26927 _si |
||
| 949 |
_a333.0972 M42 _bBC _cLIBRO _d33724000324042 _eLIBRO _f1977-78 c.2 _h62954 _i26927 _si |
||
| 949 |
_a333.0972 M42 _bBC _cLIBRO _d33724000324059 _eLIBRO _f1977-78 _h49190 _i26927 _si |
||
| 949 |
_a333.0972 M42 _bBC _cLIBRO _d33724000848081 _eLIBRO _f1993-94 c.2 _gDonaciØn _h101798 _i26927 _sb |
||
| 949 |
_a333.0972 M42 _bBC _cMUT _d33724000324018 _eMUT _f1993-94 _h87412 _i26927 _si |
||
| 999 |
_c21860 _d21860 |
||